| 000 | 00834 a2200217 4500 | ||
|---|---|---|---|
| 003 | Nust | ||
| 005 | 20170207165831.0 | ||
| 010 | _a 2004056078 | ||
| 020 | _a1403936412 | ||
| 040 | _cNust | ||
| 082 | 0 | 0 | _a332.401 |
| 245 | 0 | 0 |
_aMarx's theory of money (E-BOOK) _bmodern appraisals / _cedited by Fred Moseley. |
| 260 |
_aNew York : _bPalgrave Macmillan, _c2005. |
||
| 300 |
_aviii, 242 p. ; _c23 cm. |
||
| 600 | 1 | 0 |
_aMarx, Karl, _d1818-1883. _tKapital. |
| 650 | 0 |
_aMoney _xCongresses. |
|
| 700 | 1 |
_aMoseley, Fred, _d1946- |
|
| 856 | 4 | 2 |
_3Contributor biographical information _uhttp://www.loc.gov/catdir/enhancements/fy0618/2004056078-b.html |
| 856 | 4 | 2 |
_3Publisher description _uhttp://www.loc.gov/catdir/enhancements/fy0618/2004056078-d.html |
| 856 | 4 | 2 |
_3Table of contents only _uhttp://www.loc.gov/catdir/enhancements/fy0618/2004056078-t.html |
| 942 |
_2ddc _cBK |
||
| 999 |
_c213276 _d213276 |
||